| 000 | 01519nam a22002777a 4500 | ||
|---|---|---|---|
| 005 | 20101206113148.0 | ||
| 008 | 101206t xxu||||| |||| 00| 0 hin d | ||
| 010 | _aHIN-91785 | ||
| 020 |
_c275.00 _a9789380417158 |
||
| 035 | _aHN-64131 | ||
| 037 | _bDBAD/PUB | ||
| 040 |
_aDPL _bHN |
||
| 082 | _a823.08 | ||
| 100 | _924598 | ||
| 245 |
_aहिन्दी साहित्य में नारी संवेदना / _cएन.जी.दौडगौडर एवं डि.बी.पांड्रे द्वारा संपादित _bअंजनी-पुत्र हनुमान की मातुश्री अंजना पर केन्द्रित पौराणिक उपन्यास / |
||
| 246 |
_aHindi Sahitya me nari samvedana _bEd By N.G. Doddagoudar & D.B.Pandrey |
||
| 260 |
_aकानपुर _bअमन प्रकाशन _c2010 |
||
| 270 |
_a104-ए/118, रामबाग _bकानपुर _e12 _k(mobile) 09839218516 (Resi) 0512- 2574766 _l0512- 2543480 |
||
| 300 |
_a136पृ _c22सेमी (सजिल्द) |
||
| 650 | _91169 | ||
| 650 | _925727 | ||
| 700 |
_924599 _aदौडगौडर, एन.जी. |
||
| 700 |
_925390 _aपांड्रे, डि.बी. |
||
| 942 |
_2ddc _cHN _mहिन्दीसा _h823.08 |
||
| 999 |
_c50333 _d50333 |
||